LEADER 01167nam2 22003371i 450 001 990010067020403321 005 20160428162114.0 035 $a001006702 035 $aFED01001006702 035 $a(Aleph)001006702FED01 035 $a001006702 100 $a20160428d1818----km-y0itay50------ba 101 1 $aita$cfre 102 $aIT 140 $a----hbj-e--------lg-bb------ 141 $ag--a-cb-$5IT-Na420-Rari-Geogr.-M-02-006---------------------------------------------- 200 1 $a1: 210 $aMilano$cdalla tipografia di Giambattista Sonzogno$d1818 215 $aXIX, [1], 275, [1] p., [1] c. di tav., V c. di tav., 1 c. geogr. ripieg.$cill., color.$d12° 300 $aP. 193 erroneam. segnata 19 461 0$1001000830438 610 0 $aViaggi e viaggiatori 620 $aItalia.$dMilano 700 1$aStedman,$bJohn Gabriel$f<1744-1797> 719 00$aSonzogno,$bGiambattista$4650 801 0$aIT$bUNINA$gRICA$2UNIMARC 856 4 $zVisualizza versione elettronica c/o BNN$uhttps://books.google.it/books?vid=IBNN:BNLP000089142&redir_esc=y&hl=it$e20160427 901 $aAQ 912 $a990010067020403321 959 $aILFGE 997 $aUNINA